Институциональная экономика. Новая институциональная экономическая теория: учебник

Bibliographische Detailangaben
Körperschaft: Московский государственный университет им. М. В. Ломоносова Экономический факультет
Weitere Verfasser: Аузан А. А. (редактор)
Zusammenfassung:Второе издание учебника институциональной экономики (новой институциональной экономической теории) основано на опыте преподавания этой дисциплины на экономическом факультете Московского государственного университета им. М. В. Ломоносова. Оно включает в себя изложение общих методологических и инструментальных предпосылок экономической теории, приложение неоинституционального подхода к исследованиям собственности, механизмов координации, государства, рассмотрение проблем организации коллективных действий, неформальной экономики, институциональных изменений. Учебник содержит примеры применения институционального анализа к исследованию актуальных экономических проблем. Для студентов, аспирантов и преподавателей экономических факультетов университетов и экономических вузов.
Sprache:Russisch
Veröffentlicht: Москва, Инфра-М, 2011
Ausgabe:2-е изд.
Schriftenreihe:Учебники Экономического факультета МГУ им. М. В. Ломоносова
Schlagworte:
Format: Buch
KOHA link:https://koha.lib.tpu.ru/cgi-bin/koha/opac-detail.pl?biblionumber=194300

MARC

LEADER 00000nam0a2200000 4500
001 194300
005 20231101224538.0
010 |a 9785160043876 
035 |a (RuTPU)RU\TPU\book\211919 
035 |a RU\TPU\book\181344 
035 |a RU\TPU\book\107944 
090 |a 194300 
100 |a 20110412d2011 m y0rusy50 ca 
101 0 |a rus 
102 |a RU 
105 |a y j 001zy 
200 1 |a Институциональная экономика. Новая институциональная экономическая теория  |e учебник  |f Московский государственный университет им. М. В. Ломоносова, Экономический факультет ; под ред. А. А. Аузана 
205 |a 2-е изд. 
210 |a Москва  |c Инфра-М  |d 2011 
215 |a 447 с. 
225 1 |a Учебники Экономического факультета МГУ им. М. В. Ломоносова 
320 |a Библиография в конце глав. 
320 |a Глоссарий: с. 425-429. 
320 |a Библиогр.: с. 430-440. 
330 |a Второе издание учебника институциональной экономики (новой институциональной экономической теории) основано на опыте преподавания этой дисциплины на экономическом факультете Московского государственного университета им. М. В. Ломоносова. Оно включает в себя изложение общих методологических и инструментальных предпосылок экономической теории, приложение неоинституционального подхода к исследованиям собственности, механизмов координации, государства, рассмотрение проблем организации коллективных действий, неформальной экономики, институциональных изменений. Учебник содержит примеры применения институционального анализа к исследованию актуальных экономических проблем. Для студентов, аспирантов и преподавателей экономических факультетов университетов и экономических вузов. 
451 1 |0 (RuTPU)RU\TPU\book\181344  |y 9785-16-002054-9  |t Институциональная экономика. Новая институциональная экономическая теория  |o учебник  |f Московский государственный университет им. М. В. Ломоносова; под ред. А. А. Аузана  |c М.  |n Инфра-М  |d 2010  |p 415 с. 
606 1 |a Институциональная экономика  |x Теория  |2 stltpush  |3 (RuTPU)RU\TPU\subj\58918  |9 76601 
610 1 |a экономика 
610 1 |a экономическая теория 
610 1 |a трансакции 
610 1 |a трансакционные издержки 
610 1 |a собственность 
610 1 |a альтернативные режимы 
610 1 |a рынок 
610 1 |a фирмы 
610 1 |a институциональные соглашения 
610 1 |a государство 
610 1 |a учебники 
686 |a У011я73  |v LBC/SL-A  |2 rubbk 
702 1 |a Аузан  |b А. А.  |4 340 
712 0 2 |a Московский государственный университет им. М. В. Ломоносова  |b Экономический факультет  |2 stltpush  |3 (RuTPU)RU\TPU\col\7 
801 1 |a RU  |b 63413507  |c 20091013 
801 2 |a RU  |b 63413507  |c 20160113  |g RCR 
900 |a Институциональная экономика 
942 |c BK 
951 |b 080100 
959 |a 103/20091007  |d 2  |e 0  |f АНЛ:1  |f ЧЗГЛ:1 
959 |a 81/20101108  |d 5  |e 0  |f Ф_ТПУ_Новокузнецк:5